Les étapes du développement du capitalisme aux Etats-Unis.

Štúdia o rozvoji kapitalizmu v USA. Miera zisku. Produktivita a pracovné náklady. Vzorce a metódy. Produktivita kapitálu. Náklady a produktivita práce. Rekonštrukcia tendencií miery zisku a iných premenných. Príloha: historické tendencie v literatúre. (Documents de travail du CEPREMAP 1991, č.9119).

Salvato in:
Dettagli Bibliografici
Autore principale: Duménil, G.
Altri autori: Glick, M., Lévy, D.
Natura: Capitolo di libro
Lingua:francese
Soggetti:
Tags: Aggiungi Tag
Nessun Tag, puoi essere il primo ad aggiungerne!!

MARC

LEADER 00000naa a2200000 4500
001 r008447
005 20220913125042.7
041 0 |a fre 
044 |a FR 
245 1 0 |a Les étapes du développement du capitalisme aux Etats-Unis.  |c G. Duménil, M. Glick, D. Lévy 
520 |a Štúdia o rozvoji kapitalizmu v USA. Miera zisku. Produktivita a pracovné náklady. Vzorce a metódy. Produktivita kapitálu. Náklady a produktivita práce. Rekonštrukcia tendencií miery zisku a iných premenných. Príloha: historické tendencie v literatúre. (Documents de travail du CEPREMAP 1991, č.9119). 
610 2 0 |a rozvoj hospodársky 
610 2 0 |a USA 
610 2 0 |a kapitalizmus 
610 2 0 |a miera zisku 
610 2 0 |a produktivita práce 
610 2 0 |a náklady 
100 1 |a Duménil, G. 
700 1 |a Glick, M. 
700 1 |a Lévy, D.